| 000 | 00612cam a22002051 4500 | ||
|---|---|---|---|
| 001 | rc 01000924 | ||
| 003 | DLC | ||
| 005 | 20260227111901.0 | ||
| 008 | 800229s1840 ohub 000 0 eng | ||
| 010 | _arc 01000924 | ||
| 035 | _a(OCoLC)6036354 | ||
| 040 |
_aDLC _cViBlbV _dDLC |
||
| 042 | _apremarc | ||
| 050 | 0 | 0 |
_aF621 _b.G16 |
| 100 | 1 |
_aGalland, Issac, _d1790-1858. |
|
| 245 | 1 | 0 |
_aGalland's Iowa emigrant: _bcontaining a map, and general descriptions of Iowa Territory. |
| 260 |
_aChillicothe [O.] _bW. C. Jones, _c1840. |
||
| 300 |
_a32 p. _bfold. map. _c23 cm. |
||
| 651 | 0 |
_aIowa _xDescription and travel. |
|
| 999 |
_c51959 _d51959 |
||